00970cam a2200265 a 4500001000400000003000800004005001700012008003900029020001500068035001700083040003200100041000800132082002200140245006500162260005600227300004500283500006600328504003900394650002200433700002700455700005800482942001200540999001300552952013900565959BD-RjUL20211208233245.0131124s1975 njua b 001 0 eng a0382182197 a(BD-RjUL)981 aDLCcDLCdDLCdBD-RjULbeng aeng00a108216bPHI 197500aPhilosophical explorations /c[compiled by] Peter A. French. aMorristown, N.J. :bGeneral Learning Press,cc1975. axi, 777 p. :bill. (some col.) ;c23 cm. a"A major revision of the original book Exploring philosophy." aIncludes bibliographies and index. 0aPhilosophy.928371 aFrench, Peter A.928381 aFrench, Peter A.,ecomp.tExploring philosophy.92839 2ddccBK c959d959 00102ddc40718NFICaRUCLbRUCLcReadingd1987-07-27eThe Asia Foundationl0o108 PHI 1975r2013-11-24 00:00:00tC-1w2021-12-08yBK